000 01552cam a22002054a 4500
005 20250605164220.0
008 250528s ||||||||||||||||||||||||d
035 _a20637
020 _a72557222
040 _aGR-AtMCL
_bgre
_dGR-AtMCL
_eAACR2
245 1 _aMotor Learning and Control / Concepts and Applications: Seventh Edition
250 _a7th
260 _bMc Graw Hill Higher Education,
_c2004
300 _a404
520 _aNeed a solid foundation in motor skills? Whether you'll be working with elite athletes or patients in physical therapy, Motor Learning and Control will guide you through the concepts you need to understand and apply. Preface, Dedication, Introduction to Motor Skills and Abilities, The Classification of Motor Skills, The Measurements of Motor Performance, Motor Abilities, Introduction to Motor Control, Motor Control Theories, Performance Characteristics of Complex Skills, Proprioceptive and Vision, Action Preparation, Attention and Memory, Attention as a Limited Capacity Resource, Memory Components and Forgetting and Strategies, Introduction to Motor Skill Learning, Defining and Assessing Learning, The Stages of Learning, Transfer of Learning, Instruction and Augmented Feedback, Demonstration and Verbal Instructions, Augmented Feedback, Practice Conditions, Practice Variability, The Amount and Distribution of Practice, Whole and Part Practice, Mental Practice, References, Glossary, Name and Subject Index.
700 1 _aRichard Magill
_94108
942 _cBK
999 _c5726
_d5726